| 000 | 01904cam a22003974a 4500 | ||
|---|---|---|---|
| 999 |
_c9422 _d9422 |
||
| 001 | 14038214 | ||
| 003 | GBCCL | ||
| 005 | 20241126110711.0 | ||
| 008 | 050715s2006 miua 000 0aeng | ||
| 010 | _a 2005020433 | ||
| 020 | _a0310259150 (acidfree paper) | ||
| 020 | _a9780310259152 (acidfree paper) | ||
| 020 | _z9780310566045 (epub) | ||
| 035 | _a(OCoLC)ocm61169656 | ||
| 040 |
_aDLC _cDLC _dYDX _dBAKER _dDLC |
||
| 042 | _apcc | ||
| 043 |
_aa-ii--- _an-cn--- |
||
| 050 | 0 | 0 |
_aBR1725.Z33 _bA3 2006 |
| 082 | 0 | 0 |
_a269.2092 _aB _222 _bZAC |
| 100 | 1 |
_aZacharias, Ravi, _eauthor. _916431 |
|
| 245 | 1 | 0 |
_aWalking from East to West : _bGod in the shadows / _cRavi Zacharias. |
| 250 | _a1st ed. | ||
| 260 |
_aGrand Rapids, Mich. : _bZondervan, _cc2006. |
||
| 300 |
_a240 p. : _bill. ; _c24 cm. |
||
| 505 | 0 | _aA life out of nothing -- Long shadows -- Hidden gold -- My father's house -- The cricket field -- Wedding crashers and ashes -- The raj path and the assigned way -- The longest shadow -- A book on the ash heap -- Extraordinary men -- The girl in the church -- 'I am called to this?' -- The longest journey -- Veritas -- One destination -- Returning : God in the shadows. | |
| 600 | 1 | 0 |
_aZacharias, Ravi. _916431 |
| 650 | 0 |
_aChristian biography _zIndia. _99405 |
|
| 650 | 0 |
_aChristian biography _zCanada. _99810 |
|
| 700 | 1 |
_aSawyer, Scott. _916432 |
|
| 856 | 4 | 1 |
_3Table of contents only _uhttp://www.loc.gov/catdir/toc/ecip0516/2005020433.html |
| 856 | 4 | 2 |
_3Publisher description _uhttp://www.loc.gov/catdir/enhancements/fy0659/2005020433-d.html |
| 856 | 4 | 1 |
_3Sample text _uhttp://www.loc.gov/catdir/enhancements/fy0642/2005020433-s.html |
| 906 |
_a7 _bcbc _corignew _d1 _eecip _f20 _gy-gencatlg |
||
| 942 |
_2ddc _cBK |
||